Štatistické prognózy vývoja nezamestnanosti na Slovensku. 2

Výpočet počtu uchádzačov o zamestnanie modelom kĺzavých účtov časového radu q-Ma(q). Charakteristika modelu a odhad parametrov. Verifikácia a extrapolácia. Aplikácia Box-Jenkinsovej metódy. Výpočet sezónnych indexov ukazovateľov nezamestnanosti v perc. Prognóza počtu uchádzačov o zamestnanie za janu...

ver descrição completa

Na minha lista:
Detalhes bibliográficos
Autor principal: Rublíková, Eva
Outros Autores: Pacáková, Viera
Formato: Capítulo de Livro
Idioma:eslovaco
Assuntos:
Tags: Adicionar Tag
Sem tags, seja o primeiro a adicionar uma tag!

MARC

LEADER 00000naa a2200000 4500
001 r025564
005 20230424121052.2
041 0 |a slo 
044 |a SK 
245 1 0 |a Štatistické prognózy vývoja nezamestnanosti na Slovensku. 2  |c Eva Rublíková, Viera Pacáková 
520 |a Výpočet počtu uchádzačov o zamestnanie modelom kĺzavých účtov časového radu q-Ma(q). Charakteristika modelu a odhad parametrov. Verifikácia a extrapolácia. Aplikácia Box-Jenkinsovej metódy. Výpočet sezónnych indexov ukazovateľov nezamestnanosti v perc. Prognóza počtu uchádzačov o zamestnanie za január 1992 - máj 1997. Porovnanie prognózy novoprijatých a vyradených uchádzačov o zamestnanie za december 1996 - jún 1997. 
610 2 0 |a nezamestnanosť 
610 2 0 |a metódy štatistické 
610 2 0 |a prognózy sociálne 
610 2 0 |a modely 
610 2 0 |a rady časové 
610 2 0 |a štatistika sociálna 
100 1 |a Rublíková, Eva 
700 1 |a Pacáková, Viera